Homenaje a Gabriel Miró en el centenario de su nacimiento, 1879-1979 (Record no. 80463)

MARC details
000 -LEADER
campo de control de longitud fija 01028nam a2200241 i 4500
001 - NÚMERO DE CONTROL
campo de control 80463
003 - IDENTIFICADOR DE NÚMERO DE CONTROL
campo de control ES-MaACL
005 - FECHA Y HORA DE LA ÚLTIMA TRANSACCIÓN
campo de control 20260213163044.0
007 - CAMPO FIJO DE DESCRIPCIÓN FÍSICA--INFORMACIÓN GENERAL
campo de control de longitud fija t|
008 - DATOS DE LONGITUD FIJA--INFORMACIÓN GENERAL
campo de control de longitud fija 041028s1979 sp f |||| | spa d
245 00 - MENCIÓN DEL TÍTULO
Título Homenaje a Gabriel Miró en el centenario de su nacimiento, 1879-1979
Resto del título : estudios de crítica literaria /
Mención de responsabilidad, etc. presentación y compilación de J.L. Román del Cerro ; colaboran Mariano Baquero Goyanes ... [et al.].
260 ## - PUBLICACIÓN, DISTRIBUCIÓN, ETC.
Lugar de publicación, distribución, etc. Alicante :
Nombre del editor, distribuidor, etc. Caja de Ahorros Provincial de Alicante,
Fecha de publicación, distribución, etc. 1979.
300 ## - DESCRIPCIÓN FÍSICA
Extensión 281 p., 1 lám. col. ;
Dimensiones 21 cm.
490 1# - MENCIÓN DE SERIE
Mención de serie Publicaciones de la Caja de Ahorros Provincial de Alicante ;
Designación de volumen o secuencia 63
504 ## - NOTA DE BIBLIOGRAFÍA, ETC.
Nota de bibliografía, etc. Bibliografía.
600 14 - PUNTO DE ACCESO ADICIONAL DE MATERIA--NOMBRE DE PERSONA
Nombre de persona Miró, Gabriel-
Subdivisión de forma Homenajes.
9 (RLIN) 170545
700 1# - ENTRADA AGREGADA--NOMBRE PERSONAL
Nombre de persona Román del Cerro, Juan Luis.
9 (RLIN) 99224
700 1# - ENTRADA AGREGADA--NOMBRE PERSONAL
Nombre de persona Baquero Goyanes, Mariano.
9 (RLIN) 25265
710 0# - ENTRADA AGREGADA--NOMBRE DE ENTIDAD CORPORATIVA
Nombre de entidad corporativa o nombre de jurisdicción como elemento de entrada Caja de Ahorros del Mediterráneo
9 (RLIN) 2294
830 00 - PUNTO DE ACCESO ADICIONAL DE SERIE-TÍTULO UNIFORME
Título uniforme Publicaciones de la Caja de Ahorros Provincial de Alicante
Designación de volumen o secuencia 63
9 (RLIN) 186986
852 ## - LOCALIZACIÓN
Ubicación ES-MaACL
Número de control de estantería A-10606
Holdings
Estatus retirado Estado de pérdida Estado de daño No para préstamo Biblioteca de origen Biblioteca actual Ubicación en estantería Fecha de adquisición Fuente de adquisición Total de préstamos Signatura topográfica completa Código de barras Visto por última vez Precio de reemplazo Tipo de ítem Koha
        Biblioteca del Ateneo de Madrid Biblioteca del Ateneo de Madrid Depósito 1 17/01/2008     A-10606 1084125 23/02/2023 23/02/2023 Libro impreso